000 00670nam a2200217 i 4500
001 10115
003 ES-MaACL
005 20250723061857.0
007 t|
008 950214s1993 sp ||||1| spa d
020 _a84-88030-51-7
080 _a34(37)(076.5)
100 1 _aGarcía Garrido, Manuel J.
_954676
245 1 0 _aResponsa
_b: cien casos prácticos de derecho romano planteados y resueltos /
_cManuel Jesús García Garrido.
250 _a[3ª reed., reimp. corr.].
260 _aMadrid :
_bDykinson,
_c1993.
300 _a439 p. ;
_c24 cm.
650 1 7 _aDerecho romano
_2embne
_911764
852 _aES-MaACL
_jL-8117
_bR.123522
999 _c10115
_d10115